Ollanta Humala y el etnocacerismo : ¿un nuevo proyecto autoritario popular? /

Este artículo revisa las condiciones que hicieron posibles los resultados de las elecciones presidenciales de 2006 en Perú, cuya novedad fue la candidatura de Ollanta Humala. Analiza los contenidos del discurso etnocacerista en que se sustenta su liderazgo, los cambios operados en el mismo, la estra...

Full description

Bibliographic Details
Main Author: Escárzaga, Fabiola
Format: Analitica de revista
Language:English
Published: Santiago, Chile Arcis 2010
Online Access:

MARC

LEADER 00000cab a2200000 a 4500
001 024641
003 UAHC_CL
005 20170817111014.0
008 120306b2006 xx j 000 1 eng
952 |0 0  |1 0  |4 0  |6 AMERICA_LATINA09_10_000000000000000  |7 0  |8 General  |9 49213  |a BC  |b BC  |c General  |d 2017-08-03  |l 0  |o AMERICA LATINA-09/10  |p FICTICIO257  |r 2019-01-08 00:00:00  |t 1  |w 2017-08-03  |y REVA 
999 |c 24641  |d 24641 
022 |a 07177097 
040 |a UAHC_CL  |c UAHC_CL  |d UAHC_CL 
100 1 |a Escárzaga, Fabiola 
245 1 0 |a Ollanta Humala y el etnocacerismo :  |b ¿un nuevo proyecto autoritario popular? /  |c Fabiola Escárzaga. 
260 |b Arcis  |a Santiago, Chile  |c 2010 
300 |a p. 93-130 
500 |a En: América Latina, n˚9, 2010. ISBN 07177097. p. 93-130. 
520 |a Este artículo revisa las condiciones que hicieron posibles los resultados de las elecciones presidenciales de 2006 en Perú, cuya novedad fue la candidatura de Ollanta Humala. Analiza los contenidos del discurso etnocacerista en que se sustenta su liderazgo, los cambios operados en el mismo, la estrategia electoral desarrollada por el movimiento, su programa de gobierno, su relación con los movimientos sociales emergentes, la estrategia de la derecha que impidió su triunfo y la utilizada por el gobierno de García para neutralizar su fuerza como oposición. 
773 0 |t América Latina : revista del doctorado en procesos sociales y políticos en América Latina  |w 024597 
900 |a AMERICA LATINA-09/10 
942 |c REVA  |2 ddc